Surt Sawair / (Record no. 524875)

000 -LEADER
fixed length control field 00530nam a22001817a 4500
003 - CONTROL NUMBER IDENTIFIER
control field NUST
038 ## - RECORD CONTENT LICENSOR
Staff Name Faiza
082 ## - DEWEY DECIMAL CLASSIFICATION NUMBER
Classification number 891.423
Author Mark KAS
100 ## - MAIN ENTRY--PERSONAL NAME
Personal name Kashmiri, Shahid Mehmood
9 (RLIN) 15671
245 ## - TITLE STATEMENT
Title Surt Sawair /
Statement of responsibility, etc. Shahid Mehmood Kashmiri
260 ## - PUBLICATION, DISTRIBUTION, ETC.
Place of publication, distribution, etc. Lahore :
Name of publisher, distributor, etc. Muneer Ahmad,
Date of publication, distribution, etc. 1989.
300 ## - PHYSICAL DESCRIPTION
Extent 328 p. ;
500 ## - GENERAL NOTE
General note Papercover.
880 ## - ALTERNATE GRAPHIC REPRESENTATION
Linkage 100-01\r
Title شاہد محمود کاشمیری
880 ## - ALTERNATE GRAPHIC REPRESENTATION
Linkage 245-02\r
Title سُرت سویر /
880 ## - ALTERNATE GRAPHIC REPRESENTATION
Linkage 260-03\r
Title لاہور :
b مُنیراحمد,
c ۱۹۸۹.
942 ## - ADDED ENTRY ELEMENTS (KOHA)
Source of classification or shelving scheme
Koha item type Book
Holdings
Withdrawn status Lost status Source of classification or shelving scheme Damaged status Not for loan Permanent Location Current Location Date acquired Total Checkouts Full call number Barcode Date last seen Price effective from Koha item type
          Central Library (CL) Central Library (CL) 06/27/2019   891.423 KAS CL-E-1012 06/27/2019 06/27/2019 Book
© 2023 Central Library, National University of Sciences and Technology. All Rights Reserved.